Técnicas modernas en topografía
Gespeichert in:
| 1. Verfasser: | |
|---|---|
| Weitere Verfasser: | |
| Format: | Buch |
| Sprache: | Spanish |
| Veröffentlicht: |
México, Distrito Federal : Alfaomega
1994.
|
| Schlagworte: | |
| Tags: |
Tag hinzufügen
Keine Tags, Fügen Sie den ersten Tag hinzu!
|
MARC
| LEADER | 00000nam a2200000Ia 4500 | ||
|---|---|---|---|
| 003 | 001767 | ||
| 005 | 20221231143944.0 | ||
| 008 | 140114s1994 mx a 000 ||spa d | ||
| 022 | |a 968606298X | ||
| 040 | |c cru CEDI | ||
| 082 | |a 526.9 b219t | ||
| 100 | |a Bannister, Arthur |9 18972 | ||
| 245 | |a Técnicas modernas en topografía | ||
| 260 | |a México, Distrito Federal : Alfaomega |c 1994. | ||
| 300 | |a xi, 514 páginas : ilustraciones | ||
| 500 | |a Título original: Surveying | ||
| 630 | |x TOPOGRAFIA |9 18990 | ||
| 700 | |9 18974 |a Raymond, Stanley | ||
| 942 | |2 ddc |c BK | ||
| 999 | |c 14748 |d 14748 | ||
